000 03268nam a22002537a 4500
003 GR-AtMCL
005 20250801094029.0
006 a|||||r|||||||||||
008 n||||||||gr g ||| gre d
020 _a9789600120530
040 _bgre
_aGR-AtMCL
_dGR-AtMCL
_eAACR2
041 1 _heng
100 1 _aTribe, John
_93532
245 0 3 _aΤα οικονομικά της αναψυχής, του ελεύθερου χρόνου και του τουρισμού =
_bThe economics of recreation, leisure and tourism /
_cJohn Tribe
260 _aΑθήνα :
_bGutenberg,
_cc2019
300 _a766 ;
_c24 εκ.
520 _aΤο παρόν βιβλίο είναι ένα από τα κορυφαία εγχειρίδια στα πεδία των οικονομικών της αναψυχής, του ελεύθερου χρόνου και του τουρισμού και αποτελεί την ιδανική εισαγωγή στις θεμελιώδεις έννοιές τους, ενώ ταυτόχρονα είναι ένα πολύτιμο συμβουλευτικό βοήθημα διεθνούς εμπειρίας στις θεματικές ενότητες των Οικονομικών του Τουρισμού, της αναψυχής και του μάνατζμεντ συμβάντων ή αθλητικών εκδηλώσεων. Είναι γραμμένο με ενδιαφέροντα τρόπο που δεν προϋποθέτει να έχει ο αναγνώστης γνώσεις οικονομικών. Εφαρμόζει την οικονομική θεωρία σε μια σειρά από θέματα του τουριστικού κλάδου σε επίπεδο καταναλωτή, επιχείρησης, εθνικό και διεθνές, χρησιμοποιώντας παραδείγματα για να δώσει στη θεωρία μια γεύση από τον πραγματικό κόσμο. Στο βιβλίο παρατίθεται μεγάλος αριθμός διαγραμμάτων και μία σειρά από χαρακτηριστικά, όπως οι διεθνείς μελέτες περιπτώσεων που προβάλλουν τρέχοντα θέματα, ερωτήσεις ανακεφαλαίωσης και αποσπάσματα από επιστημονικά περιοδικά για να βοηθήσουν στην κατανόηση και την περαιτέρω γνώση, αλλά και νέα δεδομένα και στατιστικούς δείκτες. Οι επιστημονικοί επιμελητές του παρόντος βιβλίου έχουν συγγράψει μία επικαιροποιημένη επισκόπηση της ελληνικής τουριστικής πραγματικότητας, η οποία βοηθά τον αναγνώστη να καταλάβει άμεσα και συνοπτικά την εξέλιξη του τουριστικού κλάδου στην Ελλάδα.
650 0 _aΤουρισμού & Φιλοξενίας
_99900
653 _aΟικονομία Τουρισμού
653 _aΤουρισμός,Ελλάδα
653 _aΤουρισμός
942 _cBK
999 _c9844
_d9844